[Event "Karposh CC-ch"]
[Site "Skopje"]
[Date "2021.07.03"]
[Round "9"]
[White "Batkoski, Nenad"]
[Black "Tevdovski, Zoran"]
[Result "1/2-1/2"]
[WhiteElo "1827"]
[BlackElo "1809"]
[PlyCount "92"]
[EventDate "2021.06.28"]
[EventType "tourn"]
[EventRounds "11"]
[EventCountry "MKD"]
[SourceTitle "EXT 2022"]
[Source "ChessBase"]
[SourceDate "2021.10.06"]
[SourceVersion "1"]
[SourceVersionDate "2021.10.06"]
[SourceQuality "1"]

1. e4 b6 2. Nf3 e6 3. d4 Bb7 4. Bd3 Nf6 5. e5 Ne4 6. Qe2 d5 7. c3 c5 8. 0-0 Be7 9. Re1 Ng5 10. Bb5+ Nc6 11. Be3 Nxf3+ 12. Qxf3 0-0 13. Bd3 cxd4 14. Bxd4 Nxd4 15. cxd4 f6 16. exf6 Rxf6 17. Qg4 Qd6 18. Nc3 a6 19. Re3 Raf8 20. Rae1 Bc8 21. f3 Rh6 22. Qg3 Qc6 23. Qf2 Bd6 24. g3 e5 25. Rxe5 Bxe5 26. Rxe5 Re6 27. Qe2 b5 28. Nxd5 Qc1+ 29. Kg2 Rxe5 30. dxe5 Be6 31. Nc3 Rd8 32. a3 Qh6 33. h4 Kf8 34. Ne4 Qc1 35. Nd6 g5 36. hxg5 Qxg5 37. Qe4 Qd2+ 38. Qe2 Qh6 39. g4 Qf4 40. Bxh7 Rd7 41. Qe4 Qd2+ 42. Kg3 Rxh7 43. Qxh7 Qe1+ 44. Kg2 Qe2+ 45. Kg1 Qe1+ 46. Kg2 Qe2+ 1/2-1/2

[Event "Karposh CC-ch"]
[Site "Skopje"]
[Date "2021.06.29"]
[Round "3"]
[White "Ranic, Viktor"]
[Black "Tevdovski, Zoran"]
[Result "1/2-1/2"]
[WhiteElo "1855"]
[BlackElo "1809"]
[PlyCount "179"]
[EventDate "2021.06.28"]
[EventType "tourn"]
[EventRounds "11"]
[EventCountry "MKD"]
[SourceTitle "EXT 2022"]
[Source "ChessBase"]
[SourceDate "2021.10.06"]
[SourceVersion "1"]
[SourceVersionDate "2021.10.06"]
[SourceQuality "1"]

1. e4 b6 2. Nc3 Bb7 3. Nf3 e6 4. d4 Bb4 5. Bd3 Nf6 6. Qe2 d5 7. Bg5 h6 8. Bxf6 gxf6 9. a3 Bxc3+ 10. bxc3 Rg8 11. g3 Nc6 12. e5 f5 13. Qe3 Rh8 14. Bb5 Qd7 15. Nh4 a6 16. Bxc6 Bxc6 17. Ng2 0-0-0 18. Nf4 h5 19. h4 Rdg8 20. Kd2 Bb5 21. Rhb1 a5 22. Rb2 Rg4 23. Rbb1 Ba6 24. a4 Qc6 25. Re1 Qc4 26. Qd3 Kb7 27. Qxc4 Bxc4 28. Rab1 Kc6 29. Rb2 Ba6 30. Re3 Kd7 31. Rb1 Ke7 32. Nh3 Rgg8 33. f4 Rd8 34. Ng5 Bc8 35. Ke1 Bd7 36. Ra1 Rc8 37. Kd2 c5 38. Rd3 Rc7 39. Rb1 Bxa4 40. Rxb6 Rhc8 41. dxc5 Rxc5 42. Rb7+ R8c7 43. Rxc7+ Rxc7 44. Re3 Bb5 45. Re1 a4 46. Ra1 f6 47. exf6+ Kxf6 48. Rb1 Rb7 49. Kc1 a3 50. Rb4 Ra7 51. Kb1 a2+ 52. Ka1 Bc4 53. Rb6 Re7 54. Nf3 Ra7 55. Ng5 Re7 56. Rd6 Rb7 57. Rxe6+ Kg7 58. Re1 Kf6 59. Re6+ Kg7 60. Re1 Kf6 61. Nf3 Rg7 62. Ng5 Rb7 63. Nf3 Rg7 64. Rg1 Ra7 65. Ne5 Be2 66. Kb2 Ra4 67. Ra1 d4 68. cxd4 Rxd4 69. Rxa2 Rd1 70. Ra3 Ke6 71. Re3 Bf1 72. Nf3+ Kd6 73. Re1 Rxe1 74. Nxe1 Kc5 75. Kc3 Kd5 76. Kd2 Ke4 77. Nd3 Kf3 78. c4 Kxg3 79. c5 Bg2 80. Ke3 Kxh4 81. Ne5 Kg3 82. c6 Bxc6 83. Nxc6 h4 84. Nd4 Kg4 85. Ne2 h3 86. Kf2 h2 87. Kg2 h1Q+ 88. Kxh1 Kf3 89. Nd4+ Kxf4 90. Nxf5 1/2-1/2

[Event "Karposh CC-ch"]
[Site "Skopje"]
[Date "2021.06.28"]
[Round "1"]
[White "Dimkovski, Stojancho"]
[Black "Tevdovski, Zoran"]
[Result "0-1"]
[WhiteElo "1934"]
[BlackElo "1809"]
[PlyCount "84"]
[EventDate "2021.06.28"]
[EventType "tourn"]
[EventRounds "11"]
[EventCountry "MKD"]
[SourceTitle "EXT 2022"]
[Source "ChessBase"]
[SourceDate "2021.10.06"]
[SourceVersion "1"]
[SourceVersionDate "2021.10.06"]
[SourceQuality "1"]

1. c4 e5 2. g3 Nc6 3. Bg2 Nf6 4. Nf3 Bc5 5. Nc3 d6 6. d3 h6 7. 0-0 0-0 8. a3 a5 9. Rb1 Be6 10. Ne1 Qd7 11. Nc2 Bh3 12. b4 Bxg2 13. Kxg2 Bd4 14. Nd5 Nxd5 15. cxd5 Ne7 16. e4 Bb6 17. f4 f5 18. b5 Rf7 19. Qe2 Raf8 20. Bd2 Ng6 21. fxe5 dxe5 22. Ne3 Bxe3 23. Qxe3 f4 24. Qf3 b6 25. a4 Rf6 26. Kg1 fxg3 27. Qxg3 Nf4 28. Bxf4 exf4 29. Qf3 g5 30. h3 Kh7 31. Qg4 Qe7 32. Rbc1 Kg6 33. h4 h5 34. Qxg5+ Kh7 35. Kf2 Rg8 36. Qxh5+ Rh6 37. Qf5+ Kh8 38. Rh1 Qg7 39. Qh3 Qd4+ 40. Ke2 Rhg6 41. Qf3 Rg2+ 42. Kf1 Rg1+ 0-1

[Event "Skopje op"]
[Site "Skopje"]
[Date "2019.12.08"]
[Round "4"]
[White "Kralevski, Aleksander"]
[Black "Tevdovski, Zoran"]
[Result "1-0"]
[WhiteElo "2119"]
[BlackElo "1828"]
[PlyCount "29"]
[EventDate "2019.12.06"]
[EventType "swiss"]
[EventRounds "9"]
[EventCountry "MKD"]
[SourceTitle "CBM 193 Extra"]
[Source "ChessBase"]
[SourceDate "2020.01.31"]
[SourceVersion "1"]
[SourceVersionDate "2020.01.31"]
[SourceQuality "1"]

1. e4 d6 2. d4 g6 3. Nc3 a6 4. Nf3 Bg7 5. Be3 Nf6 6. h3 b6 7. e5 dxe5 8. dxe5 Qxd1+ 9. Rxd1 Ng8 10. Bc4 e6 11. Bd3 Bb7 12. Be4 Bxe4 13. Nxe4 h6 14. h4 Ne7 15. c4 1-0

[Event "Skopje U2200 op"]
[Site "Skopje"]
[Date "2017.12.09"]
[Round "4"]
[White "Tevdovski, Zoran"]
[Black "Nikolic, Dejan"]
[Result "1-0"]
[WhiteElo "1841"]
[BlackElo "1895"]
[PlyCount "40"]
[EventDate "2017.12.07"]
[EventType "swiss"]
[EventRounds "7"]
[EventCountry "MKD"]
[SourceTitle "CBM 182 Extra"]
[Source "ChessBase"]
[SourceDate "2018.02.23"]
[SourceVersion "1"]
[SourceVersionDate "2018.02.23"]
[SourceQuality "1"]

1. d4 Nf6 2. Bg5 Ne4 3. Bf4 d5 4. Nd2 Bf5 5. e3 e6 6. Ngf3 g5 7. Nxe4 gxf4 8. Ned2 fxe3 9. fxe3 c5 10. Bb5+ Nc6 11. 0-0 a6 12. Bd3 Bg6 13. Qe2 Bd6 14. c3 b5 15. e4 dxe4 16. Bxe4 Bxe4 17. Qxe4 Ne7 18. Ng5 Rf8 19. Rae1 Nd5 20. Ndf3 Qe7 1-0

[Event "FRM-ch op 25th"]
[Site "Struga"]
[Date "2016.07.23"]
[Round "8"]
[White "Tevdovski, Zoran"]
[Black "Shabanaj, Lefter"]
[Result "1-0"]
[WhiteElo "1862"]
[BlackElo "1678"]
[PlyCount "55"]
[EventDate "2016.07.16"]
[EventType "swiss"]
[EventRounds "9"]
[EventCountry "MKD"]
[SourceTitle "CBM 173 Extra"]
[Source "ChessBase"]
[SourceDate "2016.08.29"]
[SourceVersion "1"]
[SourceVersionDate "2016.08.29"]
[SourceQuality "1"]

1. d4 e6 2. Nf3 b6 3. b3 Bb7 4. Bb2 d5 5. e3 Nf6 6. Bd3 Bd6 7. Nbd2 Nbd7 8. Ne5 0-0 9. f4 c5 10. 0-0 Ne4 11. Bxe4 dxe4 12. Ndc4 Bc7 13. Nxd7 Qxd7 14. Qg4 f5 15. Qg3 Ba6 16. Rfd1 Bxc4 17. dxc5 Bd5 18. c4 g6 19. c6 Qxc6 20. cxd5 exd5 21. Rac1 Qd7 22. Rd2 Qf7 23. Rc6 Qd7 24. Rxg6+ Kf7 25. Rg7+ Ke8 26. Rxd7 Kxd7 27. Qg7+ Kc6 28. Rc2+ 1-0

[Event "FRM-ch op 24th"]
[Site "Struga"]
[Date "2015.08.30"]
[Round "9"]
[White "Krstev, Emil"]
[Black "Tevdovski, Zoran"]
[Result "1/2-1/2"]
[WhiteElo "2078"]
[BlackElo "1807"]
[PlyCount "159"]
[EventDate "2015.08.22"]
[EventType "swiss"]
[EventRounds "9"]
[EventCountry "MKD"]
[SourceTitle "EXT 2016"]
[Source "ChessBase"]
[SourceDate "2015.10.08"]
[SourceVersion "1"]
[SourceVersionDate "2015.10.08"]
[SourceQuality "1"]

1. d4 d5 2. c4 c6 3. Nc3 Nf6 4. Nf3 e6 5. Qd3 h6 6. g3 Nbd7 7. Bg2 dxc4 8. Qxc4 Bd6 9. Bf4 Nb6 10. Qb3 0-0 11. 0-0 Bxf4 12. gxf4 Nbd5 13. e3 Nxc3 14. bxc3 Qd5 15. Ne5 Qd8 16. a4 Qc7 17. a5 Nd7 18. Rfb1 Nxe5 19. fxe5 a6 20. Qb4 f6 21. f4 Qd8 22. c4 fxe5 23. dxe5 Qd3 24. Qb3 Qg6 25. Rd1 c5 26. Qb1 Qg4 27. Qe4 Rb8 28. Rd6 b5 29. Rb6 Bd7 30. cxb5 Bxb5 31. f5 Qxe4 32. Bxe4 exf5 33. Bd5+ Kh8 34. e6 Rfe8 35. Rc1 c4 36. Rxb8 Rxb8 37. Bxc4 Rc8 38. e7 Bxc4 39. Rxc4 Re8 40. Rc7 Kg8 41. Kf2 Kf7 42. Ra7 Rxe7 43. Rxa6 Re4 44. Kf3 Ra4 45. Ra8 g5 46. a6 Kg7 47. a7 Ra3 48. h3 Ra2 49. Kg3 Ra4 50. Kf3 Ra2 51. Kg3 Ra4 52. Kf2 Ra2+ 53. Kf1 Ra1+ 54. Ke2 Ra2+ 55. Kd3 h5 56. Kd4 g4 57. hxg4 hxg4 58. Ke5 g3 59. Rb8 g2 60. Rb1 Rxa7 61. Rg1 Ra2 62. Kxf5 Kf7 63. e4 Ke7 64. Ke5 Ra5+ 65. Kf4 Ra2 66. Kf3 Ke6 67. Rxg2 Rxg2 68. Kxg2 Ke5 69. Kf3 Ke6 70. Kf4 Kf6 71. e5+ Ke6 72. Ke4 Ke7 73. Kf5 Kf7 74. e6+ Ke7 75. Ke5 Ke8 76. Ke4 Ke7 77. Kf5 Ke8 78. Ke5 Ke7 79. Kd5 Ke8 80. Kd6 1/2-1/2

[Event "FRM-ch op 24th"]
[Site "Struga"]
[Date "2015.08.29"]
[Round "8"]
[White "Tevdovski, Zoran"]
[Black "Batkoski, Nenad"]
[Result "1-0"]
[WhiteElo "1807"]
[BlackElo "1885"]
[PlyCount "113"]
[EventDate "2015.08.22"]
[EventType "swiss"]
[EventRounds "9"]
[EventCountry "MKD"]
[SourceTitle "EXT 2016"]
[Source "ChessBase"]
[SourceDate "2015.10.08"]
[SourceVersion "1"]
[SourceVersionDate "2015.10.08"]
[SourceQuality "1"]

1. d4 e6 2. Nf3 f5 3. Bg5 Nf6 4. e3 Be7 5. Nc3 d6 6. Bd3 h6 7. Bxf6 Bxf6 8. Qe2 0-0 9. e4 Nc6 10. exf5 Nxd4 11. Nxd4 Bxd4 12. 0-0-0 Bxc3 13. bxc3 exf5 14. f4 Re8 15. Qh5 Rf8 16. Rhe1 Qf6 17. Bc4+ Kh7 18. Rd3 Bd7 19. Rde3 Be8 20. Rxe8 Qxc3 21. Bd3 Qa5 22. g4 Qb4 23. Bxf5+ Kg8 24. R1e4 Qa3+ 25. Kd1 Qf3+ 26. Kd2 Raxe8 27. Rxe8 Qxf4+ 28. Ke2 Qc4+ 29. Bd3 Qf4 30. Qd5+ Kh8 31. Rxf8+ Qxf8 32. Qxb7 Qf4 33. Qe4 Qxe4+ 34. Bxe4 Kg8 35. h4 Kf7 36. Kd3 Ke6 37. Kd4 c5+ 38. Kc4 Ke5 39. Bf5 h5 40. Kb5 Kf4 41. Bd7 hxg4 42. Bc6 Ke5 43. c4 Kd4 44. Bd5 g3 45. Kc6 g2 46. Bxg2 Kxc4 47. Kxd6 Kd4 48. Bc6 c4 49. h5 c3 50. Ba4 Kd3 51. Ke6 c2 52. Bxc2+ Kxc2 53. Kf7 a5 54. a4 Kb3 55. Kxg7 Kxa4 56. h6 Kb3 57. h7 1-0

[Event "FRM-ch op 24th"]
[Site "Struga"]
[Date "2015.08.27"]
[Round "6"]
[White "Koskoska, Gabriela"]
[Black "Tevdovski, Zoran"]
[Result "1-0"]
[WhiteElo "2080"]
[BlackElo "1807"]
[PlyCount "67"]
[EventDate "2015.08.22"]
[EventType "swiss"]
[EventRounds "9"]
[EventCountry "MKD"]
[SourceTitle "EXT 2016"]
[Source "ChessBase"]
[SourceDate "2015.10.08"]
[SourceVersion "1"]
[SourceVersionDate "2015.10.08"]
[SourceQuality "1"]

1. c4 d6 2. g3 e5 3. Bg2 Nf6 4. Nf3 Be7 5. 0-0 0-0 6. d4 Nbd7 7. Nc3 c6 8. e4 exd4 9. Nxd4 Ne5 10. b3 Bg4 11. f3 c5 12. Nde2 Bd7 13. Bb2 Rb8 14. Qd2 Bc6 15. Rad1 a6 16. Rfe1 b5 17. f4 Ng6 18. e5 Bxg2 19. exf6 Bxf6 20. Kxg2 bxc4 21. bxc4 Qd7 22. Ba1 Qg4 23. Ng1 Bd4 24. Nf3 Rfe8 25. Nd5 Rxe1 26. Rxe1 Bxa1 27. Rxa1 h5 28. h3 Qd7 29. Re1 Qa4 30. f5 Ne5 31. Nxe5 dxe5 32. f6 Qxc4 33. fxg7 Qd4 34. Ne7+ 1-0

[Event "FRM-ch op 24th"]
[Site "Struga"]
[Date "2015.08.22"]
[Round "1"]
[White "Bogdanovski, Vlatko"]
[Black "Tevdovski, Zoran"]
[Result "1-0"]
[WhiteElo "2410"]
[BlackElo "1807"]
[PlyCount "75"]
[EventDate "2015.08.22"]
[EventType "swiss"]
[EventRounds "9"]
[EventCountry "MKD"]
[SourceTitle "EXT 2016"]
[Source "ChessBase"]
[SourceDate "2015.10.08"]
[SourceVersion "1"]
[SourceVersionDate "2015.10.08"]
[SourceQuality "1"]

1. d4 d6 2. Nf3 Nf6 3. c4 Nbd7 4. Nc3 e5 5. e4 Be7 6. Be2 0-0 7. 0-0 a6 8. Be3 Ng4 9. Bd2 c6 10. d5 c5 11. a3 b6 12. b4 Rb8 13. Rb1 f5 14. exf5 Rxf5 15. h3 Nh6 16. Ne4 Rf8 17. Bxh6 gxh6 18. Nfd2 Nf6 19. bxc5 Bf5 20. Bd3 Nxe4 21. Bxe4 Bxe4 22. Nxe4 bxc5 23. Qg4+ Kh8 24. Qe6 Rxb1 25. Rxb1 Qc7 26. Qxh6 Rb8 27. Rxb8+ Qxb8 28. Kh2 Qf8 29. Qxf8+ Bxf8 30. Kg3 h6 31. Kg4 Kg7 32. Kf5 Kf7 33. g4 Be7 34. f3 a5 35. a4 Bf8 36. h4 Ke7 37. Kg6 Kd7 38. Kf7 1-0

[Event "Skopje Karposh op"]
[Site "Skopje"]
[Date "2015.04.03"]
[Round "9"]
[White "Tevdovski, Zoran"]
[Black "Velickovski Nejkovic, Maja"]
[Result "0-1"]
[WhiteElo "1735"]
[BlackElo "2061"]
[PlyCount "112"]
[EventDate "2015.03.27"]
[EventType "swiss"]
[EventRounds "9"]
[EventCountry "MKD"]
[SourceTitle "CBM 165 Extra"]
[Source "ChessBase"]
[SourceDate "2015.04.21"]
[SourceVersion "1"]
[SourceVersionDate "2015.04.21"]
[SourceQuality "1"]

1. d4 Nf6 2. Bg5 e6 3. e3 c5 4. c3 Qb6 5. Qc1 Be7 6. Bd3 d6 7. Nd2 Nbd7 8. Ngf3 h6 9. Bxf6 Bxf6 10. 0-0 0-0 11. Re1 Qc7 12. Ne4 Be7 13. Ng3 b6 14. Qd2 c4 15. Bc2 Bb7 16. Rad1 Rad8 17. e4 Rfe8 18. Bb1 b5 19. a3 e5 20. Nf5 Nf6 21. d5 Bc8 22. Nxe7+ Qxe7 23. h3 Nh5 24. Qe3 Nf4 25. Kh2 g5 26. Ng1 Qb7 27. g3 Ng6 28. Rf1 Kg7 29. Ne2 Qd7 30. g4 Nf4 31. Ng3 Kg6 32. Rg1 Rh8 33. Nf5 Qb7 34. Rg3 f6 35. h4 Bxf5 36. h5+ Kf7 37. exf5 Rc8 38. Be4 Rc5 39. Rf3 Re8 40. Qd2 a5 41. Re3 Rb8 42. b4 cxb3 43. Ra1 a4 44. Rd1 Rbc8 45. Rc1 Kg7 46. Rd1 Qc7 47. Rc1 Rc4 48. Bf3 Qc5 49. Be2 Nxe2 50. Qxe2 Qxa3 51. Rd1 Qc5 52. Qf3 Rf4 53. Qe2 a3 54. Re1 Qc4 55. Rxe5 fxe5 56. Qe3 Qc5 0-1

[Event "Skopje Karposh op"]
[Site "Skopje"]
[Date "2015.04.02"]
[Round "8"]
[White "Gjorgjevski, Janco"]
[Black "Tevdovski, Zoran"]
[Result "0-1"]
[WhiteElo "1921"]
[BlackElo "1735"]
[PlyCount "58"]
[EventDate "2015.03.27"]
[EventType "swiss"]
[EventRounds "9"]
[EventCountry "MKD"]
[SourceTitle "CBM 165 Extra"]
[Source "ChessBase"]
[SourceDate "2015.04.21"]
[SourceVersion "1"]
[SourceVersionDate "2015.04.21"]
[SourceQuality "1"]

1. c4 d6 2. Nc3 g6 3. Nf3 Bg7 4. g3 e5 5. d4 Nd7 6. Bg2 Ne7 7. 0-0 0-0 8. b3 a5 9. Bb2 exd4 10. Nxd4 Nc5 11. e3 Rb8 12. a3 Ne6 13. Ndb5 h5 14. b4 h4 15. Qd2 Ng5 16. f4 Nh3+ 17. Kh1 hxg3 18. hxg3 Bg4 19. Kh2 Qc8 20. Rac1 Qf5 21. Bf3 Bxf3 22. Rxf3 Ng5 23. fxg5 Qxf3 24. Nd4 Bxd4 25. exd4 Nf5 26. Rg1 Rfe8 27. Qg2 Qh5+ 28. Qh3 Qxg5 29. g4 Re3 0-1

[Event "Skopje Karposh op"]
[Site "Skopje"]
[Date "2015.03.31"]
[Round "6"]
[White "Vukelic, Zvonimir"]
[Black "Tevdovski, Zoran"]
[Result "1/2-1/2"]
[WhiteElo "1850"]
[BlackElo "1735"]
[PlyCount "91"]
[EventDate "2015.03.27"]
[EventType "swiss"]
[EventRounds "9"]
[EventCountry "MKD"]
[SourceTitle "CBM 165 Extra"]
[Source "ChessBase"]
[SourceDate "2015.04.21"]
[SourceVersion "1"]
[SourceVersionDate "2015.04.21"]
[SourceQuality "1"]

1. e4 Nf6 2. Nc3 d6 3. h3 e5 4. d3 Be7 5. Nf3 h6 6. Be2 Nc6 7. Be3 Be6 8. d4 exd4 9. Nxd4 Nxd4 10. Bxd4 Qd7 11. 0-0 a6 12. f4 g6 13. Bd3 Qc6 14. f5 gxf5 15. exf5 Rg8 16. Qf3 Bd5 17. Nxd5 Qxd5 18. Qxd5 Nxd5 19. Rae1 Kd7 20. f6 Bf8 21. Bf5+ Kd8 22. Re2 c5 23. Rfe1 Kc7 24. Bc3 Nxc3 25. bxc3 d5 26. Re8 Bd6 27. Rxg8 Rxg8 28. g4 Rf8 29. Re2 b5 30. Kg2 a5 31. Kf3 b4 32. cxb4 axb4 33. h4 Ra8 34. g5 hxg5 35. hxg5 Rxa2 36. g6 fxg6 37. Bxg6 Ra8 38. f7 Rf8 39. Rd2 Kc6 40. Kg4 c4 41. Kf5 b3 42. cxb3 cxb3 43. Ke6 Rb8 44. Rxd5 Bf8 45. Rd1 b2 46. Bb1 1/2-1/2

[Event "Skopje Karposh op"]
[Site "Skopje"]
[Date "2015.03.28"]
[Round "3"]
[White "Tevdovski, Zoran"]
[Black "Karaokcu, Erkin"]
[Result "0-1"]
[WhiteElo "1735"]
[BlackElo "2130"]
[PlyCount "139"]
[EventDate "2015.03.27"]
[EventType "swiss"]
[EventRounds "9"]
[EventCountry "MKD"]
[SourceTitle "CBM 165 Extra"]
[Source "ChessBase"]
[SourceDate "2015.04.21"]
[SourceVersion "1"]
[SourceVersionDate "2015.04.21"]
[SourceQuality "1"]

1. d4 Nf6 2. Bg5 c5 3. Bxf6 gxf6 4. dxc5 Qa5+ 5. c3 Qxc5 6. Nf3 Nc6 7. Nbd2 d6 8. g3 f5 9. Nb3 Qb6 10. e3 Bg7 11. Bg2 a5 12. Rb1 0-0 13. 0-0 Be6 14. Qd3 Ne5 15. Qc2 Bc4 16. Rfd1 e6 17. Nc1 Nxf3+ 18. Bxf3 d5 19. Be2 Rac8 20. Bxc4 Rxc4 21. Ne2 Rfc8 22. Qd2 Qa6 23. Nf4 b5 24. a3 Qb6 25. Ne2 b4 26. axb4 axb4 27. Qd3 bxc3 28. bxc3 Qc7 29. Rb3 Bxc3 30. Rdb1 Bg7 31. Rb7 Qe5 32. Qa3 Qe4 33. Qe7 Rf8 34. Rb8 Rcc8 35. R8b4 Qe5 36. Nf4 Bf6 37. Qd7 Rc7 38. Qa4 Rfc8 39. Nh5 Be7 40. Rf4 h6 41. h3 Bg5 42. Rf3 Qe4 43. Qd1 Rc3 44. h4 Be7 45. Rf4 Qxb1 46. Qxb1 Rc1+ 47. Qxc1 Rxc1+ 48. Kg2 Rc4 49. Kf3 Bb4 50. g4 fxg4+ 51. Rxg4+ Kf8 52. Nf4 Be7 53. h5 Bf6 54. Rg1 Ke7 55. Rb1 Bg5 56. Rb7+ Kf6 57. Ng2 Rc1 58. Kg4 Rg1 59. Kh3 Rh1+ 60. Kg4 Rh2 61. Kg3 Rxh5 62. f4 Rh1 63. fxg5+ hxg5 64. Kf2 Kg6 65. Re7 Kf6 66. Rb7 Kg6 67. Re7 Ra1 68. Ne1 Ra2+ 69. Kf3 Kf6 70. Rd7 0-1

[Event "Skopje Karposh op"]
[Site "Skopje"]
[Date "2015.03.28"]
[Round "2"]
[White "Vidic, Miha"]
[Black "Tevdovski, Zoran"]
[Result "1/2-1/2"]
[WhiteElo "2112"]
[BlackElo "1735"]
[PlyCount "39"]
[EventDate "2015.03.27"]
[EventType "swiss"]
[EventRounds "9"]
[EventCountry "MKD"]
[SourceTitle "CBM 165 Extra"]
[Source "ChessBase"]
[SourceDate "2015.04.21"]
[SourceVersion "1"]
[SourceVersionDate "2015.04.21"]
[SourceQuality "1"]

1. d4 Nf6 2. c4 e5 3. dxe5 Ng4 4. Bf4 g5 5. Bg3 Bg7 6. Nf3 Nc6 7. Nc3 Ngxe5 8. Nxe5 Nxe5 9. e4 d6 10. Be2 Be6 11. Nd5 c6 12. Ne3 Qa5+ 13. Kf1 Rd8 14. h4 g4 15. h5 h6 16. Bh4 Rd7 17. Nd5 cxd5 18. cxd5 Bxd5 19. exd5 f5 20. f4 1/2-1/2

[Event "FRM-ch op 23rd"]
[Site "Struga"]
[Date "2014.08.31"]
[Round "7"]
[White "Kacakovski, Dimitar"]
[Black "Tevdovski, Zoran"]
[Result "1-0"]
[WhiteElo "2156"]
[BlackElo "1730"]
[PlyCount "75"]
[EventDate "2014.08.25"]
[EventType "swiss"]
[EventRounds "9"]
[EventCountry "MKD"]
[SourceTitle "CBM 162 Extra"]
[Source "ChessBase"]
[SourceDate "2014.10.17"]
[SourceVersion "1"]
[SourceVersionDate "2014.10.17"]
[SourceQuality "1"]

1. e4 d5 2. exd5 Qxd5 3. Nc3 Qd6 4. d4 Nf6 5. Nf3 Bg4 6. h3 Bh5 7. g4 Bg6 8. Ne5 c6 9. Bf4 Nd5 10. Nxg6 Qxg6 11. Nxd5 Qe4+ 12. Be3 Qxd5 13. Rg1 Nd7 14. Bg2 Qa5+ 15. c3 0-0-0 16. Qb3 e6 17. 0-0-0 Bd6 18. Rgf1 g5 19. f4 f6 20. Kb1 gxf4 21. Bxf4 Bxf4 22. Rxf4 Qg5 23. Rdf1 Rhe8 24. a4 Qa5 25. Qc2 Re7 26. b4 Qa6 27. R1f2 Nb6 28. a5 Nc4 29. Qe2 e5 30. Rxf6 exd4 31. Qxe7 Na3+ 32. Kb2 Qd3 33. Qe6+ Kb8 34. Kxa3 Qb1 35. Qe5+ Ka8 36. Qxd4 Qa1+ 37. Kb3 Rc8 38. Rf1 1-0

[Event "FRM-ch op 23rd"]
[Site "Struga"]
[Date "2014.08.25"]
[Round "1"]
[White "Tevdovski, Zoran"]
[Black "Zivkovic, Nemanja"]
[Result "0-1"]
[WhiteElo "1730"]
[BlackElo "2301"]
[PlyCount "76"]
[EventDate "2014.08.25"]
[EventType "swiss"]
[EventRounds "9"]
[EventCountry "MKD"]
[SourceTitle "CBM 162 Extra"]
[Source "ChessBase"]
[SourceDate "2014.10.17"]
[SourceVersion "1"]
[SourceVersionDate "2014.10.17"]
[SourceQuality "1"]

1. d4 Nf6 2. Bf4 c5 3. e3 g6 4. Nf3 Bg7 5. Nc3 cxd4 6. exd4 d6 7. Bb5+ Nbd7 8. 0-0 0-0 9. h3 a6 10. Bc4 b5 11. Be2 Nb6 12. a3 Bb7 13. Rc1 Rc8 14. Nd2 Nfd5 15. Nxd5 Nxd5 16. Be3 Nxe3 17. fxe3 Bh6 18. e4 Be3+ 19. Kh1 Bxd4 20. c3 Be5 21. Qe1 e6 22. Rd1 Qe7 23. Bd3 Bg7 24. Qg3 e5 25. Bb1 d5 26. exd5 Bxd5 27. Be4 Be6 28. Nf3 Rcd8 29. Ng5 Bc4 30. Rxd8 Rxd8 31. Rf2 f5 32. Bc2 e4 33. b3 e3 34. Rxf5 gxf5 35. bxc4 e2 36. Nf3 Rd1+ 37. Kh2 e1Q 38. Nxe1 Rxe1 0-1

[Event "Skopje Karposh op"]
[Site "Skopje"]
[Date "2014.03.29"]
[Round "1"]
[White "Tevdovski, Zoran"]
[Black "Tesik, Csaba"]
[Result "0-1"]
[WhiteElo "1743"]
[BlackElo "2344"]
[PlyCount "58"]
[EventDate "2014.03.29"]
[EventType "swiss"]
[EventRounds "9"]
[EventCountry "MKD"]
[SourceTitle "CBM 159 Extra"]
[Source "ChessBase"]
[SourceDate "2014.04.24"]
[SourceVersion "1"]
[SourceVersionDate "2014.04.24"]
[SourceQuality "1"]

1. d4 Nf6 2. Bf4 g6 3. Nf3 Bg7 4. e3 d6 5. h3 0-0 6. Nbd2 c5 7. c3 Nbd7 8. Be2 b6 9. 0-0 Bb7 10. Rc1 Re8 11. Ne1 Rc8 12. Bf3 Qc7 13. Bxb7 Qxb7 14. Nef3 b5 15. Rb1 e5 16. dxe5 dxe5 17. Bh2 e4 18. Ne1 Rcd8 19. Qe2 Ne5 20. Bxe5 Rxe5 21. c4 bxc4 22. Nxc4 Red5 23. Qc2 Qd7 24. f3 Qe6 25. b3 h6 26. f4 h5 27. Kh2 h4 28. Kg1 Nh5 29. Kh2 Ng3 0-1

[Event "Blagoevgrad op"]
[Site "Blagoevgrad"]
[Date "2013.10.03"]
[Round "8"]
[White "Tevdovski, Zoran"]
[Black "Dyulgerov, Dimitar"]
[Result "1/2-1/2"]
[WhiteElo "1710"]
[BlackElo "1996"]
[PlyCount "45"]
[EventDate "2013.09.28"]
[EventType "swiss"]
[EventRounds "9"]
[EventCountry "BUL"]
[SourceTitle "CBM 156 Extra"]
[Source "ChessBase"]
[SourceDate "2013.10.22"]
[SourceVersion "1"]
[SourceVersionDate "2013.10.22"]
[SourceQuality "1"]

1. d4 Nf6 2. Nf3 e6 3. c4 b6 4. Bf4 Bb7 5. e3 Be7 6. Bd3 Nh5 7. Bg3 d6 8. Nc3 Nd7 9. e4 Bf6 10. Qe2 g6 11. 0-0 0-0 12. Rad1 Nxg3 13. hxg3 Qe7 14. e5 Bg7 15. Be4 Bxe4 16. Qxe4 a6 17. Rfe1 Ra7 18. a4 Rc8 19. Qc6 Nb8 20. Qe4 Nd7 21. Qc6 Nb8 22. Qe4 Nd7 23. Qc6 1/2-1/2

[Event "Blagoevgrad op"]
[Site "Blagoevgrad"]
[Date "2013.09.30"]
[Round "4"]
[White "Lalev, Ivan"]
[Black "Tevdovski, Zoran"]
[Result "1-0"]
[WhiteElo "2016"]
[BlackElo "1710"]
[PlyCount "41"]
[EventDate "2013.09.28"]
[EventType "swiss"]
[EventRounds "9"]
[EventCountry "BUL"]
[SourceTitle "CBM 156 Extra"]
[Source "ChessBase"]
[SourceDate "2013.10.22"]
[SourceVersion "1"]
[SourceVersionDate "2013.10.22"]
[SourceQuality "1"]

1. c4 e6 2. Nc3 b6 3. d4 Bb4 4. e4 Bb7 5. Bd3 Bxc3+ 6. bxc3 f5 7. f3 fxe4 8. fxe4 Bxe4 9. Nf3 Bxd3 10. Qxd3 Qf6 11. 0-0 Qg6 12. Qe2 Nf6 13. Ne5 Qe4 14. Be3 d6 15. Rf4 Qb7 16. Rxf6 dxe5 17. Qh5+ Kd8 18. Rxe6 Nd7 19. Bg5+ Nf6 20. dxe5 Kd7 21. Qf7+ 1-0

[Event "Blagoevgrad op"]
[Site "Blagoevgrad"]
[Date "2013.09.28"]
[Round "1"]
[White "Tevdovski, Zoran"]
[Black "Danov, Lyubomir"]
[Result "0-1"]
[WhiteElo "1710"]
[BlackElo "2169"]
[PlyCount "84"]
[EventDate "2013.09.28"]
[EventType "swiss"]
[EventRounds "9"]
[EventCountry "BUL"]
[SourceTitle "CBM 156 Extra"]
[Source "ChessBase"]
[SourceDate "2013.10.22"]
[SourceVersion "1"]
[SourceVersionDate "2013.10.22"]
[SourceQuality "1"]

1. d4 c5 2. Nf3 cxd4 3. Nxd4 d5 4. e3 Nf6 5. Bb5+ Bd7 6. Bxd7+ Nbxd7 7. 0-0 Rc8 8. Nd2 e5 9. N4f3 Qc7 10. Ne1 e4 11. f4 exf3 12. Ndxf3 Bd6 13. h3 0-0 14. c3 Rfe8 15. Nc2 Nb6 16. Ncd4 a6 17. Qd3 Nc4 18. b3 Ne5 19. Nxe5 Bxe5 20. Bb2 Ne4 21. Ne2 Red8 22. Rf3 b5 23. Raf1 f6 24. b4 Qc4 25. Qxc4 dxc4 26. Nd4 Nd2 27. Bc1 Nxf1 28. Kxf1 a5 29. Ba3 Bxd4 30. exd4 axb4 31. Bxb4 Rd5 32. Re3 Kf7 33. Re7+ Kg6 34. Kf2 h5 35. h4 Rcd8 36. Ke3 R8d7 37. Re8 Kf5 38. a3 Kg4 39. Re4+ Kg3 40. Kd2 Kxg2 41. Kc2 f5 42. Re6 f4 0-1